Informačné spôsobilosti manažéra (podnety, pohľady, programy)

Úloha informácií v živote manažéra. Hodnota a vlastnosti informácií. Informačné pojmy. Klasifikácia informačných zdrojov pre manažéra. Používané informačné technológie v manažérskej praxi. Internet.

Na minha lista:
Detalhes bibliográficos
Autor principal: Tuma, Miroslav
Formato: Capítulo de Livro
Idioma:eslovaco
Assuntos:
Tags: Adicionar Tag
Sem tags, seja o primeiro a adicionar uma tag!

MARC

LEADER 00000naa a2200000 4500
001 r048172
005 20231003082851.8
041 0 |a slo 
044 |a SK 
245 1 0 |a Informačné spôsobilosti manažéra (podnety, pohľady, programy)  |c Miroslav Tuma 
520 |a Úloha informácií v živote manažéra. Hodnota a vlastnosti informácií. Informačné pojmy. Klasifikácia informačných zdrojov pre manažéra. Používané informačné technológie v manažérskej praxi. Internet. 
610 2 0 |a stratégia informačná 
610 2 0 |a manažéri 
610 2 0 |a informácie 
610 2 0 |a technológie informačné 
610 2 0 |a technológie komunikačné 
610 2 0 |a internet 
100 1 |a Tuma, Miroslav